La culture arabe classique pour tous, Heidi Toelle et Katia Zakharia, A la découverte de la littérature arabe du VIe siècle à nos jours , Champs Flammarion, 388 p., 9 euros. Les Suspendues (Al-Mu’allaqât), traduction et présentation par Heidi Toelle, Garnier-Flammarion, 295 p., 10,50 euros. Al-Andalus. Anthologie , Traduction et présentation par Brigitte Foulon et Emmanuelle Tixier du Mesnil, Garnier-Flammarion, 480 p., 12,30 euros (notice n° 1617615)
[ vue normale ]
| 000 -LEADER | |
|---|---|
| fixed length control field | 01070cam a2200157 4500500 |
| 005 - DATE AND TIME OF LATEST TRANSACTION | |
| control field | 20260111085054.0 |
| 041 ## - LANGUAGE CODE | |
| Language code of text/sound track or separate title | fre |
| 042 ## - AUTHENTICATION CODE | |
| Authentication code | dc |
| 100 10 - MAIN ENTRY--PERSONAL NAME | |
| Personal name | Homan, Sophie |
| Relator term | author |
| 245 00 - TITLE STATEMENT | |
| Title | La culture arabe classique pour tous, Heidi Toelle et Katia Zakharia, A la découverte de la littérature arabe du VIe siècle à nos jours , Champs Flammarion, 388 p., 9 euros. Les Suspendues (Al-Mu’allaqât), traduction et présentation par Heidi Toelle, Garnier-Flammarion, 295 p., 10,50 euros. Al-Andalus. Anthologie , Traduction et présentation par Brigitte Foulon et Emmanuelle Tixier du Mesnil, Garnier-Flammarion, 480 p., 12,30 euros |
| 260 ## - PUBLICATION, DISTRIBUTION, ETC. | |
| Date of publication, distribution, etc. | 2009.<br/> |
| 500 ## - GENERAL NOTE | |
| General note | 15 |
| 520 ## - SUMMARY, ETC. | |
| Summary, etc. | Présentées comme extrémistes, les familles juives installées dans les implantations des Territoires occupés depuis 1967 ne se considèrent pas comme des colons. |
| 786 0# - DATA SOURCE ENTRY | |
| Note | Les Cahiers de l'Orient | 95 | 3 | 2009-08-04 | p. 156a-157a | 0767-6468 |
| 856 41 - ELECTRONIC LOCATION AND ACCESS | |
| Uniform Resource Identifier | <a href="https://shs.cairn.info/revue-les-cahiers-de-l-orient-2009-3-page-156a?lang=fr&redirect-ssocas=7080">https://shs.cairn.info/revue-les-cahiers-de-l-orient-2009-3-page-156a?lang=fr&redirect-ssocas=7080</a> |
Pas d'exemplaire disponible.




Réseaux sociaux